Statistics for Palmeiras 2023 Squad

Click here to take the quiz!

General Stats

  • This quiz has been taken 90 times
  • The average score is 25 of 33

Answer Stats

#PositionPlayer% Correct
9FWEndrick
100%
23MFRaphael Veiga
98%
21GKWeverton
98%
2DFMarcos Rocha
96%
10FWRony
96%
8MFZé Rafael
96%
15DFGustavo Gómez
95%
12DFMayke
95%
7FWDudu
93%
42GKMarcelo Lomba
91%
22DFJoaquín Piquerez
89%
13DFLuan
85%
26DFMurilo
85%
-CoachAbel Ferreira
84%
19FWBreno Lopes
84%
18FWFlaco López
82%
25MFGabriel Menino
82%
27MFRichard Ríos
80%
36DFVanderlan
71%
35MFFabinho
69%
1GKVinícius
69%
31MFLuís Guilherme
67%
14FWArtur
65%
37FWKevin
64%
20MFEduard Atuesta
62%
30MFJailson
60%
40MFJohn John
58%
32DFGustavo Garcia
56%
34DFNaves
53%
11MFBruno Tabata
49%
29FWRafael Navarro
42%
17FWGiovani
36%
24GKMateus
20%

Score Distribution

Percentile by Number Answered

Percent of People with Each Score

Your Score History

You have not taken this quiz